000 00592nam a22002177a 4500
999 _c3741
_d3741
003 AR-CdUCM
008 190307b ||||| |||| 00| 0 spa d
040 _aMUNICIPALIDAD PROVINCIAL DEL CUSCO
_cBIBLIOTECA MUNICIPAL DEL CUSCO
041 _hnor
082 _a839.96 /
_bI25
100 _aIbsen
_912095
245 _aBrand /
260 _aMadrid :
_bEdiciones Mundo Latino.
300 _a265 páginas ;
_c18 cm.
505 _aContenido: Obra teatral.
650 _aTeatro noruego
_912096
650 _aDrama
_9560
650 _aCinco actos
_912097
942 _2ddc
_cLIBROS
945 _adavv